| 000 | 01379nam a22002777a 4500 | ||
|---|---|---|---|
| 999 |
_c29535 _d29506 |
||
| 003 | EG-ScBUE | ||
| 005 | 20211003113250.0 | ||
| 008 | 210928s2001 ua a f b 000 0 ara d | ||
| 017 | _a2001/13115 | ||
| 020 | _a9775589185 | ||
| 040 |
_aEG-ScBUE _bara _erda _cEG-ScBUE _dEG-ScBUE |
||
| 082 | 0 | 4 |
_a297.1228 _bم و س _222 |
| 100 | 1 |
_aموسى، علي حلمي، _eمؤلف. |
|
| 245 | 1 | 0 |
_aألفاظ القرآن الكريم : _bدراسة علمية تكنولوجية / _cدكتور علي حلمي موسى، أستاذ الفيزياء بجامعة عين شمس، زميل المجمع الفيزيائي البريطاني، رئيس الاتحاد العالمي للحوسبة العربية، نائب رئيس الجمعية المصرية للإعجاز العلمي للقرآن والسنة. |
| 264 | 3 |
_a[القاهرة] : _b[الشركة المتحدة للطباعة والنشر والتوزيع]، _c2001. |
|
| 300 |
_a190 صفحة : _bإيضاحيات ؛ _c25 سم |
||
| 336 |
_2rdacontent _aنص _btxt |
||
| 337 |
_2rdamedia _aبدون وسيط _bn |
||
| 338 |
_2rdacarrier _aمجلد _bnc |
||
| 504 | _aيشتمل على إرجاعات ببليوجرافية. | ||
| 541 |
_cDonation ; _aDr. Fatma Hamdy. |
||
| 630 | 0 | 7 |
_aالقرآن _xإعجاز _2BUEsh _934619 |
| 653 | 7 |
_aBUEsh _bGGEN _cSeptember2021 |
|
| 655 | 7 |
_2BUEsh _vReading book _934232 |
|
| 942 | _2ddc | ||